[Event "Main Vogelsberg op 10th"]
[Site "Hanau"]
[Date "2015.05.23"]
[Round "2"]
[White "Sciurti, Domenico"]
[Black "Rode, Heiko"]
[Result "1-0"]
[WhiteElo "1571"]
[BlackElo "1117"]
[PlyCount "103"]
[EventDate "2015.05.22"]
[EventType "swiss"]
[EventRounds "7"]
[EventCountry "GER"]
[SourceTitle "EXT 2016"]
[Source "ChessBase"]
[SourceDate "2015.10.08"]
[SourceVersion "1"]
[SourceVersionDate "2015.10.08"]
[SourceQuality "1"]

1. d4 d5 2. Bf4 Nc6 3. e3 Bf5 4. c3 Nf6 5. Nf3 e6 6. Nbd2 Ne4 7. Ne5 Nxe5 8. Bxe5 f6 9. Bg3 Bd6 10. Nxe4 Bxe4 11. f3 Bxg3+ 12. hxg3 Bg6 13. Qa4+ c6 14. c4 Qb6 15. Qa3 Qc7 16. Kf2 Kd7 17. cxd5 cxd5 18. Bd3 Bxd3 19. Qxd3 h6 20. Rac1 Qd6 21. Qb5+ Kd8 22. Qxb7 Qb8 23. Qxb8+ Rxb8 24. Rc2 Kd7 25. Rhc1 Rhc8 26. b3 Rxc2+ 27. Rxc2 Rb6 28. f4 Rc6 29. Rb2 Kd6 30. Kf3 f5 31. g4 g6 32. gxf5 exf5 33. g4 Rc1 34. gxf5 gxf5 35. Rh2 Rf1+ 36. Ke2 Ra1 37. Kd3 Rd1+ 38. Kc2 Re1 39. Rxh6+ Kc7 40. Kd2 Ra1 41. a4 Rb1 42. Kc2 Re1 43. Re6 Kd7 44. Re5 Kd6 45. Kc3 Rc1+ 46. Kb4 Rc7 47. Rxf5 Re7 48. Re5 Rb7+ 49. Ka3 a5 50. Kb2 Re7 51. Kc3 Rxe5 52. fxe5+ 1-0

[Event "Hessen-ch qual-F"]
[Site "Erlensee"]
[Date "2007.04.06"]
[Round "2"]
[White "Kempf, Juergen"]
[Black "Rode, Heiko"]
[Result "1-0"]
[WhiteElo "1148"]
[BlackElo "1202"]
[PlyCount "57"]
[EventDate "2007.04.06"]
[EventType "swiss"]
[EventRounds "5"]
[EventCountry "GER"]
[SourceTitle "CBM 117 Extra"]
[Source "ChessBase"]
[SourceDate "2007.05.09"]
[SourceVersion "1"]
[SourceVersionDate "2007.05.09"]
[SourceQuality "1"]

1. e4 e5 2. Nf3 Nc6 3. Nc3 Nf6 4. d4 d5 5. Bb5 Nxe4 6. Nxe4 dxe4 7. Nxe5 Qd5 8. Bc4 Qxd4 9. Bxf7+ Ke7 10. Nxc6+ bxc6 11. Qxd4 Kxf7 12. 0-0 Bf5 13. Qc4+ Ke7 14. Bg5+ Kd7 15. Qf7+ Kc8 16. Qxf5+ Kb7 17. Qxe4 Bc5 18. b4 Bb6 19. b5 Rae8 20. Qxc6+ Kb8 21. a4 Ba5 22. Be3 Bb6 23. Rae1 Bxe3 24. Rxe3 Rxe3 25. fxe3 g5 26. a5 Rd8 27. a6 Kc8 28. Qa8+ Kd7 29. Rd1+ 1-0

[Event "Hessen-ch qual-F"]
[Site "Erlensee"]
[Date "2007.04.06"]
[Round "4"]
[White "Schielmann, Marc"]
[Black "Rode, Heiko"]
[Result "0-1"]
[WhiteElo "1002"]
[BlackElo "1202"]
[PlyCount "64"]
[EventDate "2007.04.06"]
[EventType "swiss"]
[EventRounds "5"]
[EventCountry "GER"]
[SourceTitle "CBM 117 Extra"]
[Source "ChessBase"]
[SourceDate "2007.05.09"]
[SourceVersion "1"]
[SourceVersionDate "2007.05.09"]
[SourceQuality "1"]

1. e4 e5 2. Nf3 d6 3. Nc3 Nc6 4. d3 Nf6 5. Be2 Nd4 6. Nxd4 exd4 7. Nd5 Nxd5 8. exd5 b6 9. 0-0 Bb7 10. Bf3 Qd7 11. Bg4 Qd8 12. Qf3 Be7 13. Qe4 0-0 14. Qxd4 c5 15. Qe3 Bxd5 16. Bf3 Bxf3 17. Qxf3 d5 18. Qg4 Qd6 19. Bf4 Qf6 20. b3 Bd6 21. Bxd6 Qxd6 22. Rfe1 Rfe8 23. Re2 Kf8 24. Rae1 b5 25. c4 bxc4 26. dxc4 d4 27. Rxe8+ Rxe8 28. Rd1 d3 29. Qf5 d2 30. Kf1 Qe7 31. Qb1 Qe2+ 32. Kg1 Qe1+ 0-1

[Event "Bad Zwesten op 6th"]
[Site "Bad Zwesten"]
[Date "2002.01.04"]
[Round "1"]
[White "Rode, Heiko"]
[Black "Hagenauer, Joerg"]
[Result "0-1"]
[WhiteElo "1150"]
[BlackElo "2006"]
[PlyCount "64"]
[EventDate "2002.01.04"]
[EventType "swiss"]
[EventRounds "9"]
[EventCountry "GER"]
[SourceTitle "CBM 086 Extra"]
[Source "ChessBase"]
[SourceDate "2002.03.14"]
[SourceVersion "1"]
[SourceVersionDate "2002.03.14"]
[SourceQuality "1"]

1. d4 c6 2. Nf3 g6 3. e4 d6 4. Bc4 Bg7 5. Ng5 e6 6. d5 exd5 7. exd5 c5 8. c3 Qe7+ 9. Be3 Nf6 10. 0-0 0-0 11. Re1 Qc7 12. Bf4 b6 13. Qd3 Bb7 14. Na3 a6 15. b4 cxb4 16. cxb4 Nh5 17. Ne6 fxe6 18. dxe6 Nxf4 19. e7+ d5 20. exf8Q+ Bxf8 21. Qd4 dxc4 22. Nxc4 Nc6 23. Qe3 Bxb4 24. Nxb6 Bxe1 25. Nxa8 Bxa8 26. Qe8+ Kg7 27. Rxe1 Bb7 28. g3 Nd5 29. Rd1 Nce7 30. Rd3 Bc6 31. Qxe7+ Qxe7 32. f3 Qe1+ 0-1

[Event "MVS Bezirks-ch"]
[Site "Bad Soden Salmuenster"]
[Date "2001.11.17"]
[Round "1"]
[White "Filmann, Andreas"]
[Black "Rode, Heiko"]
[Result "1-0"]
[WhiteElo "1682"]
[BlackElo "1150"]
[PlyCount "50"]
[EventDate "2001.11.??"]
[EventType "swiss"]
[EventRounds "7"]
[EventCountry "GER"]
[SourceTitle "EXT 2004"]
[Source "ChessBase"]
[SourceDate "2003.11.25"]
[SourceVersion "1"]
[SourceVersionDate "2003.11.25"]
[SourceQuality "1"]

1. e4 e5 2. Nf3 Nc6 3. Nc3 Nf6 4. Bb5 Bc5 5. d3 0-0 6. Bg5 Be7 7. Qd2 Nh5 8. Bxe7 Nxe7 9. Nxe5 d5 10. 0-0-0 c6 11. Ba4 d4 12. Ne2 Qd6 13. Nf3 c5 14. h3 g6 15. g4 Ng7 16. Qf4 Qb6 17. Qh6 f6 18. Bb3+ Be6 19. g5 Bxb3 20. gxf6 Rxf6 21. Ng5 Rxf2 22. cxb3 Rxe2 23. Rhf1 Nef5 24. exf5 Nxf5 25. Qxh7+ Kf8 1-0

[Event "MVS Bezirks-ch"]
[Site "Bad Soden Salmuenster"]
[Date "2001.11.17"]
[Round "2"]
[White "Rode, Heiko"]
[Black "Drexler, Franz"]
[Result "0-1"]
[WhiteElo "1150"]
[BlackElo "1445"]
[PlyCount "84"]
[EventDate "2001.11.??"]
[EventType "swiss"]
[EventRounds "7"]
[EventCountry "GER"]
[SourceTitle "EXT 2004"]
[Source "ChessBase"]
[SourceDate "2003.11.25"]
[SourceVersion "1"]
[SourceVersionDate "2003.11.25"]
[SourceQuality "1"]

1. d4 d5 2. Nf3 Nf6 3. b3 e6 4. g3 Be7 5. Bg2 Nbd7 6. 0-0 b6 7. c4 Bb7 8. Ne5 0-0 9. Nc3 c6 10. Qd3 Re8 11. e4 Rc8 12. Qf3 dxe4 13. Nxe4 Nxe4 14. Qxe4 Nxe5 15. Qxe5 Bf6 16. Qh5 Qxd4 17. Rb1 Qe5 18. Qh3 Ba8 19. Bb2 Qg5 20. f4 Qf5 21. g4 Qc5+ 22. Kh1 Bxb2 23. Rxb2 Rcd8 24. Be4 g6 25. f5 exf5 26. Bxf5 Qd4 27. Rbf2 c5+ 28. Kg1 Re2 29. Qg3 Rxf2 30. Rxf2 gxf5 31. gxf5+ Qg7 32. Qxg7+ Kxg7 33. Rf4 Rd2 34. Rf2 Rxf2 35. Kxf2 Kf6 36. Kg3 Kxf5 37. Kh4 Ke5 38. Kh5 Be4 39. a3 f5 40. Kg5 f4 41. Kg4 Bc2 42. b4 Bb3 0-1

[Event "Baunatal op 7th"]
[Site "Baunatal"]
[Date "2001.08.14"]
[Round "4"]
[White "Seifert, Pascal"]
[Black "Rode, Heiko"]
[Result "1-0"]
[WhiteElo "1446"]
[BlackElo "1164"]
[PlyCount "78"]
[EventDate "2001.08.08"]
[EventType "swiss"]
[EventRounds "7"]
[EventCountry "GER"]
[SourceTitle "EXT 2002"]
[Source "ChessBase"]
[SourceDate "2001.11.25"]
[SourceVersion "1"]
[SourceVersionDate "2001.11.25"]
[SourceQuality "1"]

1. e4 e5 2. Nf3 Nc6 3. Bb5 Nge7 4. d3 d5 5. exd5 Qxd5 6. Nc3 Qc5 7. Be3 Qd6 8. a3 Bd7 9. Ne4 Qg6 10. Nh4 Qg4 11. Qxg4 Bxg4 12. Bc4 0-0-0 13. Ng5 Nd4 14. Bxd4 Rxd4 15. Nxf7 Rg8 16. Nxe5 Nd5 17. Nxg4 Rxg4 18. Bxd5 Bb4+ 19. axb4 Re8+ 20. Be4 Rxh4 21. 0-0 a6 22. Rfe1 Re5 23. Bxb7+ Kxb7 24. Rxe5 Rxb4 25. b3 Rb6 26. Re7 Rc6 27. Rxg7 Rxc2 28. Rxh7 Rb2 29. Rc1 Kb8 30. Rhxc7 Rxb3 31. R7c3 Rb5 32. Ra1 Rb4 33. Rca3 Rd4 34. Rxa6 Kb7 35. R6a3 Kb6 36. g3 Kb5 37. Rc3 Kb4 38. Rc4+ Rxc4 39. dxc4 Kxc4 1-0

[Event "MVS-ch HT"]
[Site "Grossauheim"]
[Date "2000.11.26"]
[Round "5"]
[White "Broell, Ralf"]
[Black "Rode, Heiko"]
[Result "1-0"]
[WhiteElo "1706"]
[BlackElo "1000"]
[PlyCount "101"]
[EventDate "2000.11.18"]
[EventType "swiss"]
[EventRounds "6"]
[EventCountry "GER"]
[SourceTitle "EXT 2003"]
[Source "ChessBase"]
[SourceDate "2002.11.25"]
[SourceVersion "1"]
[SourceVersionDate "2002.11.25"]
[SourceQuality "1"]

1. e4 e5 2. f4 Nf6 3. Nc3 d5 4. exd5 Nxd5 5. Nf3 Nxc3 6. bxc3 exf4 7. d4 Bd6 8. Bd3 0-0 9. 0-0 c5 10. Kh1 Nc6 11. Ng1 Qh4 12. dxc5 Ne5 13. cxd6 Ng4 14. Nf3 Qh6 15. d7 Bxd7 16. Bxh7+ Qxh7 17. Qxd7 Nf6 18. Qd3 Qh6 19. Nd4 Nh5 20. Rf3 g5 21. Nf5 Qe6 22. Ba3 Rfd8 23. Nd4 Qe5 24. Raf1 g4 25. Rxf4 Nxf4 26. Qg3 Ng6 27. Qxg4 Rac8 28. Nf5 Rxc3 29. Bb2 Kf8 30. Nh6 Nh8 31. Bxc3 Qxc3 32. Qe6 Qg7 33. Qe3 Re8 34. Qc5+ Re7 35. Nf5 Qf6 36. Qxe7+ Qxe7 37. Nxe7 Kxe7 38. h4 Kf8 39. h5 Kg7 40. g4 f6 41. Kg2 Nf7 42. Re1 b6 43. Re7 a5 44. a4 Kf8 45. Rb7 Kg7 46. Rxb6 Nh6 47. Kf3 Kf7 48. Ra6 Ng8 49. Rxa5 Ne7 50. Ra7 Ke6 51. Rxe7+ 1-0